Statystyki dla 5 największych miast #5

Kliknij tutaj aby rozwiązać quiz!

Ogólne statystyki

  • Ten quiz został rozwiązany 274 razy
  • Średni wynik to 18 z 50

Statystyki odpowiedzi

Odpowiedź% Poprawnych
HiszpaniaMadryt
98%
HiszpaniaBarcelona
97%
WlochyRzym
97%
HolandiaAmsterdam
94%
AustraliaSydney
93%
WlochyMediolan
90%
WlochyNeapol
82%
WlochyTuryn
78%
KanadaOttawa
76%
HolandiaRotterdam
76%
HiszpaniaSewilla
68%
HiszpaniaWalencja
67%
Zjednoczone Emiraty
Arabskie
Dubaj
66%
AustraliaMelbourne
64%
UrugwajMontevideo
64%
KanadaToronto
63%
HolandiaHaga
57%
WlochyPalermo
49%
Zjednoczone Emiraty
Arabskie
Abu Zabi
47%
EtiopiaAddis Ababa
44%
AustraliaPerth
44%
Demokratyczna
Republika Konga
Kinszasa
42%
KanadaMontreal
42%
HolandiaEindhoven
40%
AustraliaBrisbane
28%
AustraliaAdelaide
22%
HolandiaUtrecht
21%
HiszpaniaSaragossa
20%
KanadaCalgary
15%
KanadaEdmonton
15%
GhanaAccra
14%
GhanaKumasi
4%
EtiopiaDire Daua
2%
EtiopiaGonder
2%
Demokratyczna
Republika Konga
Kisangani
2%
Demokratyczna
Republika Konga
Lubumbashi
2%
UrugwajSalto
2%
Zjednoczone Emiraty
Arabskie
Szardża
2%
Zjednoczone Emiraty
Arabskie
Adżman
1%
Demokratyczna
Republika Konga
Kananga
1%
Demokratyczna
Republika Konga
Mbuji-Mayi
1%
EtiopiaMekelie
1%
GhanaSekondi-Takoradi
1%
EtiopiaAdama
0%
Zjednoczone Emiraty
Arabskie
Al-Ajn
0%
GhanaAshiaman
0%
UrugwajCiudad de la Costa
0%
UrugwajLas Piedras
0%
UrugwajPaysandú
0%
GhanaSunyadi
0%

Rozkład punktacji

Percentyl według liczby udzielonych odpowiedzi

Procent ludzi z każdym wynikiem

Twoja historia wyników

Nie rozwiązałeś tego quizu